Statistics for Overseas Territories of the United Kingdom

Click here to take the quiz!

General Stats

  • This quiz has been taken 30 times
  • The average score is 10 of 14

Answer Stats

Capital Answer % Correct
StanleyFalkland Islands
96%
HamiltonBermuda
82%
Road TownBritish Virgin Islands
79%
GibraltarGibraltar
75%
George TownCayman Islands
75%
JamestownSaint Helena, Saint Ascension and Tristan da Cunha
71%
The ValleyAnguilla
71%
Diego GarciaBritish Indian Ocean Territory
68%
Plymouth (Abandoned), The Brades (Current)Montserrat
68%
RotheraBritish Antarctic Territory
64%
King Edward PointSouth Sandwich and the South Georgia Islands
57%
Cockburn TownTurks and Caicos Islands
57%
AdamstownPitcairn Islands
54%
Episkopi CantonmentSovereign Base Areas of Akrotiri and Dhekelia
46%

Score Distribution

Percentile by Number Answered

Percent of People with Each Score

Your Score History

You have not taken this quiz